Loading...
| Literature - World | 0 | 5 | 0 | 0 | 50 | 49 | 84.40 | 0 | 2 | 11.82 | 23.61 |
| History - World | 0 | 4 | 0 | 0 | 40 | 55 | 73.50 | 0 | 1 | 10.04 | 20.30 |
| Fine Arts - Other | 0 | 4 | 0 | 1 | 40 | 65 | 80.50 | 0 | 1 | 9.80 | 18.27 |
| History - American | 0 | 4 | 1 | 1 | 35 | 36 | 59.00 | 1 | 3 | 15.05 | 22.92 |
| Current Events | 0 | 3 | 0 | 0 | 30 | 37 | 53.00 | 1 | 2 | 30.20 | 51.67 |
| History - Other | 0 | 3 | 0 | 0 | 30 | 41 | 53.00 | 1 | 1 | 13.40 | 11.81 |
| Literature - American | 0 | 3 | 0 | 1 | 30 | 65 | 72.33 | 0 | 1 | 9.44 | 14.58 |
| Science - Biology | 0 | 3 | 1 | 0 | 25 | 24 | 36.67 | 3 | 3 | 16.41 | 25.00 |
| Science - Other | 0 | 2 | 0 | 0 | 20 | 58 | 70.50 | 0 | 2 | 5.90 | 13.19 |
| Popular Culture | 0 | 2 | 0 | 0 | 20 | 60 | 66.50 | 0 | 0 | 11.57 | 10.71 |
| Religion | 0 | 2 | 1 | 0 | 15 | 29 | 41.00 | 1 | 2 | 9.92 | 15.28 |
| Social Science | 0 | 1 | 0 | 0 | 10 | 69 | 69.00 | 0 | 0 | 4.08 | 5.98 |
| Fine Arts - Classical Music | 0 | 1 | 0 | 1 | 10 | 128 | 128.00 | 0 | 0 | 0.00 | 0.64 |
| History - European | 0 | 1 | 0 | 1 | 10 | 73 | 73.00 | 0 | 0 | 2.37 | 3.21 |
| Literature - European | 0 | 1 | 0 | 0 | 10 | 108 | 108.00 | 0 | 0 | 0.64 | 1.39 |
| Science - Chemistry | 0 | 1 | 0 | 0 | 10 | 56 | 56.00 | 0 | 1 | 3.93 | 6.25 |
| Mythology | 0 | 1 | 1 | 0 | 5 | 53 | 53.00 | 0 | 0 | 4.32 | 4.49 |
| Science - Physics | 0 | 1 | 1 | 0 | 5 | 30 | 30.00 | 0 | 1 | 6.06 | 7.64 |
| Geography | 0 | 1 | 2 | 0 | 0 | 82 | 82.00 | 0 | 0 | 5.18 | 11.11 |
| Literature - British | 0 | 0 | 1 | 0 | -5 | 0.00 | 0 | 0 | 0.00 | 0.00 | |
| Fine Arts - Painting and Sculpture | 0 | 1 | 3 | 0 | -5 | 43 | 43.00 | 1 | 1 | 5.42 | 7.64 |
| Philosophy | 0 | 0 | 2 | 0 | -10 | 0.00 | 0 | 0 | 0.00 | 0.00 |